| 000 | 00656nam a22002297a 4500 | ||
|---|---|---|---|
| 003 | OSt | ||
| 005 | 20170105103440.0 | ||
| 008 | 120419t xxu||||| |||| 00| 0 eng d | ||
| 020 | _a0716706849 | ||
| 040 |
_aASAB Library _cASAB Library |
||
| 050 | _a574.87 | ||
| 082 | _22nd | ||
| 100 |
_aGunther S .Stent and Richard Calendar _969 |
||
| 245 |
_aMolecular Genetics _bAn Introductory Narrative |
||
| 260 |
_aIndia _bCBS Pub & Distributors |
||
| 300 | _a773 | ||
| 440 |
_aMlecular Genetics An Introductory Narrative _970 |
||
| 600 |
_aGunther S Stent _971 |
||
| 650 |
_2Molecular Genetics _972 |
||
| 700 |
_aGunther S Stent _973 |
||
| 942 |
_2lcc _cBK |
||
| 999 |
_c16450 _d16450 |
||